| 000 | 01121cab a2200277 4500 | ||
|---|---|---|---|
| 001 | ABS54244 | ||
| 008 | 090401t1995 xxu||||| |||| 00| 0 eng d | ||
| 035 | _a(Sirsi) u9249 | ||
| 041 | _aeng | ||
| 245 | _aWhether the award of a rent review tribunal is admissible evidence in arbitration | ||
| 260 | _c1995 | ||
| 350 | _a0 | ||
| 490 |
_aArbitration _v61(4) November 1995, 293-297(5) |
||
| 520 | _aExamines the application of the "Hollington" rule in treating the award of another arbitrator in review of rent of a comparable property as inadmissible evidence in the light of the "Land Securities plc v Westminster CC" 1992 (see Abs47375) | ||
| 650 | _aADMISSIBILITY | ||
| 650 | _aARBITRATORS' AWARDS | ||
| 650 | _aCOMPARABLE PROPERTIES | ||
| 650 | _aHOLLINGTON V F HEWTHORN & CO LTD | ||
| 650 | _aINADMISSIBLE EVIDENCE | ||
| 650 | _aLAND SECURITIES PLC V WESTMINSTER CC PLC | ||
| 650 | _aRENT REVIEWS | ||
| 690 | _aMANAGEMENT-DISPUTE AVOIDANCE, MANAGEMENT AND RESOLUTION-DISPUTE MANAGEMENT AND RESOLUTION-ARBITRATION | ||
| 690 | _aLANDLORD AND TENANT-RENT REVIEWS | ||
| 942 | _n0 | ||
| 948 | _c04/03/1997 | ||
| 999 |
_c5745 _d5745 |
||